| 000 | 00634nam a2200193Ia 4500 | ||
|---|---|---|---|
| 008 | 130821s1977 ag gr spa | ||
| 040 |
_aCo-BoUCM _bspa |
||
| 041 | _aspa | ||
| 100 | 1 |
_aTaylor, Ian _9156002 |
|
| 245 | 1 | 3 |
_aLa nueva criminología Contribución a una teoría social de la conducta desviada _cIan Taylor |
| 260 |
_aBuenos Aires (Argentina) _bAmorrortu _c1977 |
||
| 300 | _a335 páginas | ||
| 650 | 0 | 4 |
_aCriminología _912152 |
| 650 | 0 | 4 |
_aDerecho penal _912805 |
| 700 | 1 |
_aWalton _cpaul _9156003 |
|
| 700 | 1 |
_aYoung _cjock _9156004 |
|
| 942 |
_cLIBRO _a8 _e1 _mT19 _2DEWEY _h364.1 |
||
| 999 |
_c14413 _d14413 |
||